| 000 | 00414nam a2200181Ia 4500 | ||
|---|---|---|---|
| 008 | 170918s9999 xx 000 0 und d | ||
| 020 | _a9780545196505 | ||
| 050 | _bL984 2010 | ||
| 100 | _aLyga, Barry | ||
| 245 | _aArchvillain / | ||
| 245 | _cby Barry Lyga. | ||
| 260 | _aNew York : | ||
| 260 | _bScholastic, | ||
| 260 | _c2010 | ||
| 300 | _a180 pages : | ||
| 300 | _billustrations ; | ||
| 300 | _c19cm. | ||
| 999 |
_c343859 _d343859 |
||